| 000 | 01038nas a2200373 4500 | ||
|---|---|---|---|
| 001 | BR2014004823 | ||
| 003 | BR-BrBNA | ||
| 005 | 20231205124336.0 | ||
| 007 | ta | ||
| 008 | 230509b bl.|||p| |||| 00| 00por d | ||
| 040 |
_aBR-BrBNA _bpor _cBiblioteca Nacional de Agricultura |
||
| 041 | _a(Pt) | ||
| 072 | _aH60; P33 | ||
| 100 | 1 | _aFreitas, M.A.M. | |
| 100 | 1 | _aPassos, A.B.R.J. | |
| 100 | 1 | _aTorres, L.G. | |
| 100 | 1 | _aMoraes, H.M.F. | |
| 100 | 1 | _aFaustino, L.A. | |
| 100 | 1 | _aRocha, P.R.R. | |
| 100 | 1 | _aSilva, A.A. | |
| 245 | 1 | _aSorção do sulfentrazone em diferentes tipos de solo determinada por bioensaios | |
| 650 | _aSOJA | ||
| 650 | _aERVA DANINHA | ||
| 650 | _aHERBICIDA | ||
| 650 | _aDOSE | ||
| 650 | _aSOLO | ||
| 650 | _aSORÇÃO | ||
| 650 | _aFÍSICA DO SOLO | ||
| 650 | _aQUÍMICA DO SOLO | ||
| 650 | _aMATÉRIA ORGÂNICA | ||
| 773 | 0 |
_tPlanta Daninha (Brazil) _xISSN 0100-8358 _g(2014), v. 32(2) p. 385-392 _wBR2014004823 |
|
| 909 |
_a202311 _bLúcia _c55 _dLúcia Elande |
||
| 942 |
_2AGRIS _n0 _cANA |
||
| 999 |
_c238574 _d238574 |
||